| 000 | 00545nam a22001817a 4500 | ||
|---|---|---|---|
| 003 | CEME | ||
| 005 | 20210628203315.0 | ||
| 008 | 210125b xxu||||| |||| 00| 0 eng d | ||
| 020 | _a9780340 807804 | ||
| 040 | _c. | ||
| 082 | _a519.50285 GRE | ||
| 100 |
_aGreenfield, Tony, Metcalfe, Andrew _964609 |
||
| 245 | _aDesign and analyse your experiment with minitab | ||
| 260 |
_aABINGDON _bHODDER _c2007 |
||
| 300 | _aVIII,303P | ||
| 650 |
_aMINITAB.STATISTICS-DATA PROCESSING. MATHEMATICAL STATISTICS-DATA PROCESSING _964610 |
||
| 942 |
_cBK _2ddc |
||
| 999 |
_c573047 _d573047 |
||